000 00569nmm a2200169Ia 4500
008 251105s9999||||xx |||||||||||||||||und||
020 _a8479086343
041 _aspa
100 _aTonda Monllor, E. M.
245 0 _aLa Didáctica de las Ciencias Sociales en la formación del profesorado de Educación Infantil
264 _a[Madrid, España] :
_bPublicaciones de la Universidad de Alicante,
_c2001
300 _a400 páginas
490 _aCiencias de la Educación
650 _aEducation
856 _uhttps://public.digitaliapublishing.com/a/615
942 _cCF
999 _c73563
_d73563